00854 2200325 4500001002100000005001500021035002000036007000300056008004100059020002200100082001100122084001700133100002100150245008400171260004200255300003700297500001400334650002400348700001800372700002000390504003000410990001100440990001100451990001100462990001100473990001100484990001100495990001100506990001100517INLIS00000000000597320200724014857 a0010-0720000141ta200724 g 0 ind  a978-602-9235-15-9 a330.03 a330.03 OKI e0 aOKI, Prama Bakti1 aEnsiklopedia Ekonomi 1 /cOki Prama Bakti, Morena Cindo; editor, Monica Herlina aJakarta :bCitraunggul Laksana,c2015 ajil.1, vi, 83 :bilus. ;c30 cm. aBilingual 4aEKONOMI-ENSIKLOPEDI0 aMORENA, Cindo0 aMONICA, Herlina aBibliografi : hlm.82 + 83 a7572 a a7572 b a7572 c a7572 d a7572 e a7572 f a7572 g a7572 h